100 Sci-Fi & Fantasy Books to Read in a Lifetime Quiz Stats

 Plays Quiz Updated Jul 27, 2018

Challenge
Share
Tweet
Embed
Score 0/100 Timer 16:00
3 Plays Today
Author Book % Correct
George Orwell1984
94.2%
J. R. R. TolkienThe Lord of the Rings
83.5%
J.K. RowlingHarry Potter and the Sorcerer's Stone
80.7%
J. R. R. TolkienThe Hobbit
77.8%
George R. R. MartinA Game of Thrones
76.6%
Mary ShelleyFrankenstein
70.7%
Madeleine L'EngleA Wrinkle in Time
66.2%
Aldous HuxleyBrave New World
65.7%
C. S. LewisThe Lion, the Witch and the Wardrobe
63.6%
Ray BradburyFahrenheit 451
60.5%
Douglas AdamsThe Hitchhiker's Guide to the Galaxy
58.2%
H. G. WellsThe Time Machine
56.4%
Frank HerbertDune
55.2%
Arthur C. Clarke2001: a Space Odyssey
53.6%
Kurt VonnegutSlaughterhouse-Five
52.6%
Jules VerneTwenty Thousand Leagues Under the Sea
51%
Anne RiceInterview with the Vampire
50.2%
Orson Scott CardEnder's Game
49.2%
Suzanne CollinsThe Hunger Games
49%
Isaac AsimovI, Robot
48.3%
Margaret AtwoodThe Handmaid's Tale
45.4%
Philip PullmanThe Golden Compass
44.1%
Philip K. DickDo Androids Dream of Electric Sheep?
43.7%
Neil GaimanAmerican Gods
40.2%
Cormac McCarthyThe Road
38.7%
Andy WeirThe Martian
36.6%
Terry PratchettThe Color of Magic
34.9%
Stephen KingThe Gunslinger
31.1%
Ursula K. Le GuinA Wizard of Earthsea
26.5%
Ray BradburyThe Martian Chronicles
26%
Robert HeinleinStranger in a Strange Land
25.6%
Terry Pratchett & Neil GaimanGood Omens
25.1%
Robert JordanThe Eye of the World
23.7%
William GibsonNeuromancer
22.3%
Author Book % Correct
William GoldmanThe Princess Bride
20.4%
Ursula K. Le GuinThe Left Hand of Darkness
19.4%
Diana GabaldonOutlander
18.4%
Robert HeinleinStarship Troopers
18.4%
Max BrooksWorld War Z: An Oral History of the Zombie War
17.1%
Richard MathesonI Am Legend
16.9%
Anne McCaffreyDragonflight
16.7%
Ernest ClineReady Player One
16.4%
Audrey NiffeneggerThe Time Traveler's Wife
15.8%
Larry NivenRingworld
15.5%
David MitchellCloud Atlas
14.6%
Patrick RothfussThe Name of the Wind
14.4%
Neal StephensonSnow Crash
13.5%
Marion Zimmer BradleyThe Mists of Avalon
13%
Arthur C. ClarkeChildhood's End
12.7%
Lev GrossmanThe Magicians
12.3%
Kim Stanley RobinsonRed Mars
11.4%
Dan SimmonsHyperion
11.1%
Terry BrooksThe Sword of Shannara
11%
Diana Wynne JonesHowl's Moving Castle
10.4%
Stanislaw LemSolaris
10.4%
Joe HaldemanThe Forever War
10.2%
Peter S. BeagleThe Last Unicorn
10.1%
Walter M. Miller JrA Canticle for Leibowitz
10%
Stephen R. DonaldsonLord Foul's Bane
9.1%
Ursula K. Le GuinThe Dispossessed
9.1%
Robin HobbAssassin's Apprentice
8.9%
David EddingsPawn of Prophecy
8.8%
John ScalziOld Man's War
8.8%
Garth NixSabriel
8.8%
Susan CooperThe Dark is Rising
8.8%
Scott WesterfeldUglies
8.2%
Susanna ClarkeJonathan Strange & Mr. Norrell
7.7%
China MiƩvillePerdido Street Station
7.3%
Author Book % Correct
Jeff VanderMeerAnnihilation
7.3%
Connie WillisDoomsday Book
6.8%
Brandon SandersonThe Way of Kings
6.7%
Octavia E. ButlerKindred
6.6%
Ann LeckieAncillary Justice
6.4%
Alfred BesterThe Stars My Destination
6.2%
Richard K. MorganAltered Carbon
5.8%
Hugh HoweyWool
5.8%
Paolo BacigalupiThe Windup Girl
5.7%
Naomi NovikUprooted
5.5%
Tad WilliamsThe Dragonbone Chair
5.3%
Mary Doria RussellThe Sparrow
5.2%
Samuel R. DelanyDhalgren
5.1%
Jacqueline CareyKushiel's Dart
5%
Laurell K. HamiltonGuilty Pleasures
5%
Pierce BrownRed Rising
4.9%
Kristin CashoreGraceling
4.8%
Jo WaltonAmong Others
4.3%
Sheri S. TepperGrass
3.8%
Greg BearBlood Music
3.8%
Patricia A. McKillipRiddle-Master
3.3%
Angela CarterNights at the Circus
3%
C. J. CherryhForeigner
3%
Anne BishopDaughter of the Blood
2.9%
Lois McMaster BujoldThe Curse of Chalion
2.7%
Helene WeckerThe Golem and the Jinni
2.6%
H. P. LovecraftH. P. Lovecraft: Tales
2.4%
Richard KadreySandman Slim
2.3%
Ted ChiangStories of Your Life and Others
2.3%
Daniel O'MalleyThe Rook
2.3%
Charles YuHow to Live Safely in a Science Fictional Universe
2.2%
Elizabeth MoonThe Speed of Dark
2.2%

You're not logged in!

Compare scores with friends on all Sporcle quizzes.
OR
Log In

You Might Also Like...

Show Comments

Extras

Top Quizzes Today


Score Distribution

Your Account Isn't Verified!

In order to create a playlist on Sporcle, you need to verify the email address you used during registration. Go to your Sporcle Settings to finish the process.

Report this User

Report this user for behavior that violates our Community Guidelines.

Details: